• 首页
  • 本馆介绍
  • 公告通知
  • 最新文献
  • 馆藏检索
  • 电子资源
  • 读者导购
  • 参考咨询
  • 我的图书馆
  • 登录
  • 详细信息显示
  • 放入我的书架
  • 预约/预借图书
  • 作者相关作品
  • 分类相关作品
  • 丛书相关作品
  • 出版社相关作品

书目信息

  • 表格格式
  • 工作单格式
  • 卡片格式
题名:
毛泽东思想和中国特色社会主义理论体系概论教学与实践
    
 
作者: 许立 , 张继初 主编
分册:  
出版信息: 北京   中国言实出版社  2020.01
页数: 187页
开本: 26cm
丛书名:
单 册:
中图分类: A84 , D616
科图分类:
主题词: 毛泽东思想--mao ze dong si xiang--高等学校--教学参考资料 , 中国特色社会主义--zhong guo te se she hui zhu yi--社会主义建设模式--高等学校--教学参考资料
电子资源:
ISBN: 978-7-5171-3396-4
000 01390nam0 2200289 450
001 CAL 0120202954185
005 20230217093111.0
010    @a978-7-5171-3396-4@dCNY39.80
100    @a20200402d2020 em y0chiy0120 ea
101 0  @achi
102    @aCN@b110000
105    @ay a 000yy
106    @ar
200 1  @a毛泽东思想和中国特色社会主义理论体系概论教学与实践@Amao ze dong si xiang he zhong guo te se she hui zhu yi li lun ti xi gai lun jiao xue yu shi jian@f许立, 张继初主编
210    @a北京@c中国言实出版社@d2020.01
215    @a187页@d26cm
320    @a有书目
330    @a本书是为配合“毛泽东思想和中国特色社会主义理论体系概论”课程而编写的实训教材, 共分14章, 主要内容涵盖毛泽东思想、邓小平理论、“三个代表”重要思想、科学发展观和习近平新时代中国特色社会主义思想。本书紧贴“毛泽东思想和中国特色社会主义理论体系概论”课程的要点、难点, 设置了形式多样的实践教学活动, 旨在提高学生的思想政治素质, 培养学生观察分析社会现象的能力及理论联系实际的能力。
333    @a普通高等院校精品教材 “互联网+教育”新形态教材
606 0  @a毛泽东思想@Amao ze dong si xiang@x高等学校@j教学参考资料
606 0  @a中国特色社会主义@Azhong guo te se she hui zhu yi@x社会主义建设模式@x高等学校@j教学参考资料
690    @aA84@v5
690    @aD616@v5
701  0 @a许立@Axu li@4主编
701  0 @a张继初@Azhang ji chu@4主编
801  0 @aCN@bBJXHZP@c20230228
905    @b1388009-13@dA84@e499@f5
    
    毛泽东思想和中国特色社会主义理论体系概论教学与实践/许立, 张继初主编.-北京:中国言实出版社,2020.01
    187页;26cm
    使用对象:普通高等院校精品教材 “互联网+教育”新形态教材
    
    ISBN 978-7-5171-3396-4:CNY39.80
    本书是为配合“毛泽东思想和中国特色社会主义理论体系概论”课程而编写的实训教材, 共分14章, 主要内容涵盖毛泽东思想、邓小平理论、“三个代表”重要思想、科学发展观和习近平新时代中国特色社会主义思想。本书紧贴“毛泽东思想和中国特色社会主义理论体系概论”课程的要点、难点, 设置了形式多样的实践教学活动, 旨在提高学生的思想政治素质, 培养学生观察分析社会现象的能力及理论联系实际的能力。
●
相关链接 在E读中查询图书 在五车中查询图书 在当当中查询图书 在豆瓣中查询图书


正题名:毛泽东思想和中国特色社会主义理论体系概论教学与实践     索取号:A84/499         预约/预借

序号 登录号 条形码 馆藏地/架位号 状态 备注
1 1388009   213880095   第一样本阅览室/ [索取号:A84/499] 在馆    
2 1388010   213880102   第一借阅区/ [索取号:A84/499] 在馆    
3 1388011   213880111   第一借阅区/ [索取号:A84/499] 在馆    
4 1388012   213880120   第一借阅区/ [索取号:A84/499] 在馆    
5 1388013   213880139   第一借阅区/ [索取号:A84/499] 在馆    
唐山师范学院图书馆 欢迎您!
大连网信软件有限公司© 版权所有